HYPERHIDROSA V OBLASTI PRAVOSTRANNÉHO SYMPATHIKU CERVIKÁLNÍHO V PŘÍPADĚ VROZENÉHO ROZŠTĚPU PATRA

Bibliographic Details
Main Author: Uttl, Karel, 1903- (Author)
Format: Article
Language:Slovak
Czech

MARC

LEADER 00000nab a2200000ua 4500
001 vtls010768902
003 SK-MaSNL
005 20260304200832.0
008 250718s1932 xo |||||||||||||||||slo|
035 |a (urnnbn)urn:nbn:sk:snk:ar-a03ki9 
035 |a (uuid)769eb825-de3f-49f5-90cc-ab9ed3c66473 
035 |a urn:nbn:sk:snk-ab5bxq 
040 |a SNKBUCL  |b slo  |c SNKBUCL  |e AACR2 
041 0 |a cze 
044 |a xo  |c SK 
100 1 |a Uttl, Karel,  |d 1903-  |4 aut  |9 1532235 
245 1 0 |a HYPERHIDROSA V OBLASTI PRAVOSTRANNÉHO SYMPATHIKU CERVIKÁLNÍHO V PŘÍPADĚ VROZENÉHO ROZŠTĚPU PATRA  |c Karel Uttl 
773 0 |t Bratislavské lekárske listy  |g Roč. 12, č. 2 (1932), s. 58-63 
850 |a Slovenská národná knižnica 
852 |a Slovenská národná knižnica 
954 |a odborná, vedecká literatúra cudzojazyčná (svetová)  |2 lita 
958 |a article3 
958 |a OND 
958 |a EUIPO 
999 |c 3091313  |d 3093243